<?xml version="1.0" encoding="UTF-8"?>
<record
    xmlns:xsi="http://www.w3.org/2001/XMLSchema-instance"
    xsi:schemaLocation="http://www.loc.gov/MARC21/slim http://www.loc.gov/standards/marcxml/schema/MARC21slim.xsd"
    xmlns="http://www.loc.gov/MARC21/slim">

  <leader>01165nam a22002057a 4500</leader>
  <controlfield tag="003">OSt</controlfield>
  <controlfield tag="005">20180910092015.0</controlfield>
  <controlfield tag="008">180220b        xxu||||| |||| 00| 0 spa d</controlfield>
  <datafield tag="020" ind1=" " ind2=" ">
    <subfield code="a">9502002210</subfield>
  </datafield>
  <datafield tag="040" ind1=" " ind2=" ">
    <subfield code="c">PJ</subfield>
  </datafield>
  <datafield tag="100" ind1=" " ind2=" ">
    <subfield code="9">131</subfield>
    <subfield code="a">Loutayf  Ranea, Roberto G.</subfield>
  </datafield>
  <datafield tag="245" ind1="1" ind2="3">
    <subfield code="a">El recurso ordinario de apelaci&#xF3;n en el proceso civil :</subfield>
    <subfield code="b">legislaci&#xF3;n, doctrina, jurisprudencia / </subfield>
    <subfield code="c">Roberto G. Loutayf.</subfield>
  </datafield>
  <datafield tag="260" ind1=" " ind2=" ">
    <subfield code="a">Buenos Aires :</subfield>
    <subfield code="c">Astrea,</subfield>
    <subfield code="b">1989.</subfield>
  </datafield>
  <datafield tag="300" ind1=" " ind2=" ">
    <subfield code="a">2 v.</subfield>
    <subfield code="c">23 cm.</subfield>
    <subfield code="b">r&#xFA;stica</subfield>
  </datafield>
  <datafield tag="505" ind1=" " ind2=" ">
    <subfield code="a">Contenido:
v. 1: Sujetos y objeto de la apelaci&#xF3;n -- El agravio -- Resoluciones recurribles -- Criterios interpretativos -- Requisitos fiscales -- Atribuciones y l&#xED;mites del tribunal -- Renuncia -- Desistimiento -- Deserci&#xF3;n del recurso -- Adhesi&#xF3;n a la apelaci&#xF3;n.
v. 2: Interposici&#xF3;n -- Concesi&#xF3;n -- Efectos -- Prueba -- Hechos nuevos -- Acuerdo y sentencia de segunda instancia -- Plazos -- Ejecutoriedad -- Queja por apelaci&#xF3;n denegada -- Caducidad de la segunda instancia -- Recurso de nulidad.</subfield>
  </datafield>
  <datafield tag="650" ind1=" " ind2="0">
    <subfield code="9">267</subfield>
    <subfield code="a">DERECHO PROCESAL</subfield>
  </datafield>
  <datafield tag="650" ind1=" " ind2="0">
    <subfield code="9">178</subfield>
    <subfield code="a">DERECHO CONSTITUCIONAL</subfield>
  </datafield>
  <datafield tag="650" ind1=" " ind2="0">
    <subfield code="9">2083</subfield>
    <subfield code="a">RECURSO DE APELACI&#xD3;N (PROCESAL)</subfield>
  </datafield>
  <datafield tag="942" ind1=" " ind2=" ">
    <subfield code="2">udc</subfield>
    <subfield code="c">LIB</subfield>
    <subfield code="i">LOU</subfield>
  </datafield>
  <datafield tag="999" ind1=" " ind2=" ">
    <subfield code="c">1426</subfield>
    <subfield code="d">1426</subfield>
  </datafield>
  <datafield tag="952" ind1=" " ind2=" ">
    <subfield code="0">0</subfield>
    <subfield code="1">0</subfield>
    <subfield code="2">udc</subfield>
    <subfield code="4">0</subfield>
    <subfield code="7">0</subfield>
    <subfield code="a">DJS</subfield>
    <subfield code="b">DJS</subfield>
    <subfield code="d">2018-09-10</subfield>
    <subfield code="h">V. 1</subfield>
    <subfield code="l">1</subfield>
    <subfield code="m">1</subfield>
    <subfield code="o">347.956 LOU</subfield>
    <subfield code="p">0504</subfield>
    <subfield code="r">2024-09-09</subfield>
    <subfield code="s">2024-04-11</subfield>
    <subfield code="w">2018-09-10</subfield>
    <subfield code="y">LIB</subfield>
  </datafield>
  <datafield tag="952" ind1=" " ind2=" ">
    <subfield code="0">0</subfield>
    <subfield code="1">0</subfield>
    <subfield code="2">udc</subfield>
    <subfield code="4">0</subfield>
    <subfield code="7">0</subfield>
    <subfield code="a">DJS</subfield>
    <subfield code="b">DJS</subfield>
    <subfield code="d">2018-09-10</subfield>
    <subfield code="h">V. 2</subfield>
    <subfield code="o">347.956 LOU </subfield>
    <subfield code="p">0505</subfield>
    <subfield code="r">2018-09-10</subfield>
    <subfield code="w">2018-09-10</subfield>
    <subfield code="y">LIB</subfield>
  </datafield>
  <datafield tag="952" ind1=" " ind2=" ">
    <subfield code="0">0</subfield>
    <subfield code="1">0</subfield>
    <subfield code="2">udc</subfield>
    <subfield code="4">0</subfield>
    <subfield code="7">0</subfield>
    <subfield code="a">DJN</subfield>
    <subfield code="b">DJN</subfield>
    <subfield code="d">2018-09-10</subfield>
    <subfield code="h">V. 1</subfield>
    <subfield code="o">347.956 LOU</subfield>
    <subfield code="p">RG 0819</subfield>
    <subfield code="r">2024-12-01</subfield>
    <subfield code="w">2018-09-10</subfield>
    <subfield code="y">LIB</subfield>
  </datafield>
</record>
